| Art - Music/Opera | 3 | 16.67 | 33% | 100% | 33% |
| Art - Other | 5 | 8.00 | 0% | 60% | 20% |
| Art - Painting/Sculpture | 6 | 13.33 | 83% | 33% | 17% |
| Art - Visual | 3 | 16.67 | 67% | 67% | 33% |
| Current Events/Modern World - Rest of world political | 1 | 10.00 | 0% | 100% | 0% |
| Geography - Europe | 1 | 20.00 | 100% | 0% | 100% |
| Geography - Mixed/any | 1 | 10.00 | 100% | 0% | 0% |
| Geography - Non-U.S. Americas | 1 | 20.00 | 100% | 100% | 0% |
| History - American | 8 | 15.00 | 50% | 63% | 38% |
| History - European | 7 | 17.14 | 57% | 71% | 43% |
| History - Other | 8 | 13.75 | 25% | 75% | 38% |
| History - World | 5 | 18.00 | 60% | 60% | 60% |
| Literature - American long fiction | 1 | 20.00 | 100% | 100% | 0% |
| Literature - American poetry | 1 | 20.00 | 100% | 100% | 0% |
| Literature - British any | 1 | 10.00 | 100% | 0% | 0% |
| Literature - British drama | 1 | 20.00 | 100% | 100% | 0% |
| Literature - British poetry | 2 | 10.00 | 100% | 0% | 0% |
| Literature - British short fiction | 2 | 20.00 | 100% | 50% | 50% |
| Literature - European any | 1 | 10.00 | 0% | 100% | 0% |
| Literature - European drama | 2 | 15.00 | 100% | 50% | 0% |
| Literature - European long fiction | 3 | 13.33 | 33% | 67% | 33% |
| Literature - European poetry | 3 | 13.33 | 0% | 100% | 33% |
| Literature - World/Misc any | 1 | 0.00 | 0% | 0% | 0% |
| Literature - World/Misc long fiction | 3 | 10.00 | 67% | 0% | 33% |
| Literature - World/Misc poetry | 2 | 5.00 | 0% | 50% | 0% |
| Literature - World/Misc short fiction | 1 | 20.00 | 100% | 100% | 0% |
| Mythology - Egyptian | 1 | 20.00 | 100% | 100% | 0% |
| Mythology - Greco/Roman | 4 | 12.50 | 25% | 50% | 50% |
| Other Academic/Cross-Category - Any | 1 | 10.00 | 0% | 0% | 100% |
| Philosophy - Ancient | 1 | 20.00 | 100% | 100% | 0% |
| Philosophy - Mixed/Any | 1 | 20.00 | 0% | 100% | 100% |
| Philosophy - Pre-20th | 1 | 10.00 | 0% | 100% | 0% |
| Religion - Buddhism | 1 | 10.00 | 0% | 0% | 100% |
| Religion - Hinduism | 1 | 0.00 | 0% | 0% | 0% |
| Religion - Mixed/Any | 1 | 20.00 | 100% | 0% | 100% |
| Science - Biology | 9 | 14.44 | 22% | 78% | 44% |
| Science - Chemistry | 5 | 10.00 | 20% | 40% | 40% |
| Science - Compsci | 2 | 15.00 | 50% | 50% | 50% |
| Science - Other | 5 | 12.00 | 40% | 40% | 40% |
| Science - Other/CL/Misc | 1 | 30.00 | 100% | 100% | 100% |
| Science - Physics | 4 | 15.00 | 75% | 50% | 25% |
| Social Science - Anthropology | 1 | 10.00 | 0% | 100% | 0% |
| Social Science - Economics | 4 | 10.00 | 0% | 75% | 25% |
| Social Science - Linguistics | 1 | 20.00 | 0% | 100% | 100% |
| Social Science - Sociology | 1 | 10.00 | 0% | 0% | 100% |